000 00573nam a2200193Ia 4500
005 20260120130019.0
008 008 260114s9999 xx 000 0 eng d
020 _a9780199098378
037 _aEBOOK
040 _aCRL
_beng
_cCRL
041 _aeng
_2eng
084 _qCRL
100 _aSripati
_9909990
245 0 _aConstitution-Making under UN Auspices: Fostering Dependency in Sovereign Lands
260 _bOUPOxford University Press
_c2020
856 _uhttp://dx.doi.org/10.1093/oso/9780199498024.001.0001
942 _cEBOOK
999 _c1501889
_d1501889